JRの駅も私鉄・三セクの駅もある市町村 - Statistics

General Stats
  • This quiz has been taken 69 times
    54 since last reset
  • The average score is 192 of 323
Answer Stats
Hint Answer % Correct
北海道 函館市
94%
青森県 青森市
89%
北海道 札幌市
86%
青森県 八戸市
86%
北海道 木古内町
83%
宮城県 仙台市
83%
栃木県 宇都宮市
83%
千葉県 千葉市
83%
石川県 金沢市
83%
福井県 福井市
83%
埼玉県 さいたま市
81%
神奈川県 横浜市
81%
新潟県 上越市
81%
富山県 富山市
81%
福井県 あわら市
81%
岐阜県 岐阜市
81%
三重県 津市
81%
三重県 四日市市
81%
青森県 弘前市
78%
岩手県 盛岡市
78%
栃木県 栃木市
78%
富山県 高岡市
78%
石川県 加賀市
78%
福井県 敦賀市
78%
山梨県 大月市
78%
長野県 長野市
78%
岐阜県 大垣市
78%
静岡県 静岡市
78%
愛知県 豊橋市
78%
愛知県 名古屋市
78%
三重県 伊勢市
78%
島根県 松江市
78%
福島県 福島市
75%
埼玉県 川越市
75%
千葉県 柏市
75%
千葉県 松戸市
75%
東京都 千代田区
75%
石川県 小松市
75%
石川県 七尾市
75%
長野県 上田市
75%
長野県 松本市
75%
静岡県 浜松市
75%
愛知県 岡崎市
75%
三重県 桑名市
75%
三重県 鳥羽市
75%
滋賀県 大津市
75%
京都府 宇治市
75%
京都府 京都市
75%
奈良県 奈良市
75%
和歌山県 和歌山市
75%
茨城県 水戸市
72%
群馬県 高崎市
72%
千葉県 市川市
72%
千葉県 浦安市
72%
千葉県 成田市
72%
千葉県 船橋市
72%
東京都 新宿区
72%
東京都 杉並区
72%
東京都 中央区
72%
東京都 港区
72%
東京都 八王子市
72%
神奈川県 小田原市
72%
神奈川県 川崎市
72%
新潟県 糸魚川市
72%
富山県 黒部市
72%
愛知県 一宮市
72%
三重県 鈴鹿市
72%
京都府 舞鶴市
72%
大阪府 高槻市
72%
岡山県 岡山市
72%
広島県 広島市
72%
北海道 北斗市
69%
宮城県 名取市
69%
栃木県 佐野市
69%
栃木県 日光市
69%
群馬県 前橋市
69%
埼玉県 久喜市
69%
埼玉県 越谷市
69%
埼玉県 小川町
69%
埼玉県 寄居町
69%
東京都 江戸川区
69%
東京都 江東区
69%
東京都 渋谷区
69%
東京都 豊島区
69%
神奈川県 逗子市
69%
神奈川県 藤沢市
69%
福井県 越前市
69%
岐阜県 各務原市
69%
静岡県 伊東市
69%
滋賀県 彦根市
69%
大阪府 茨木市
69%
大阪府 大阪市
69%
大阪府 吹田市
69%
兵庫県 神戸市
69%
島根県 出雲市
69%
香川県 高松市
69%
愛媛県 松山市
69%
福岡県 福岡市
69%
岩手県 二戸市
67%
茨城県 鹿嶋市
67%
茨城県 取手市
67%
茨城県 ひたちなか市
67%
群馬県 伊勢崎市
67%
群馬県 桐生市
67%
埼玉県 川口市
67%
埼玉県 熊谷市
67%
千葉県 流山市
67%
東京都 北区
67%
東京都 品川区
67%
神奈川県 海老名市
67%
神奈川県 鎌倉市
67%
神奈川県 相模原市
67%
神奈川県 横須賀市
67%
新潟県 南魚沼市
67%
静岡県 掛川市
67%
静岡県 三島市
67%
愛知県 安城市
67%
愛知県 豊川市
67%
三重県 松阪市
67%
兵庫県 西宮市
67%
兵庫県 姫路市
67%
岡山県 倉敷市
67%
山口県 岩国市
67%
香川県 琴平町
67%
福岡県 北九州市
67%
福岡県 久留米市
67%
熊本県 熊本市
67%
青森県 大鰐町
64%
秋田県 由利本荘市
64%
栃木県 足利市
64%
栃木県 鹿沼市
64%
埼玉県 所沢市
64%
埼玉県 飯能市
64%
千葉県 習志野市
64%
東京都 荒川区
64%
東京都 大田区
64%
東京都 墨田区
64%
東京都 三鷹市
64%
神奈川県 松田町
64%
長野県 小諸市
64%
長野県 軽井沢町
64%
岐阜県 恵那市
64%
静岡県 富士市
64%
愛知県 春日井市
64%
愛知県 蒲郡市
64%
滋賀県 近江八幡市
64%
京都府 福知山市
64%
大阪府 泉佐野市
64%
大阪府 堺市
64%
大阪府 寝屋川市
64%
大阪府 東大阪市
64%
兵庫県 芦屋市
64%
兵庫県 尼崎市
64%
兵庫県 宝塚市
64%
奈良県 橿原市
64%
鳥取県 智頭町
64%
福岡県 大牟田市
64%
岩手県 宮古市
61%
秋田県 仙北市
61%
福島県 会津若松市
61%
埼玉県 朝霞市
61%
埼玉県 三郷市
61%
千葉県 市原市
61%
千葉県 佐倉市
61%
千葉県 銚子市
61%
東京都 足立区
61%
東京都 葛飾区
61%
東京都 台東区
61%
東京都 国分寺市
61%
東京都 立川市
61%
東京都 府中市
61%
新潟県 十日町市
61%
石川県 津幡町
61%
愛知県 稲沢市
61%
三重県 伊賀市
61%
滋賀県 米原市
61%
大阪府 和泉市
61%
兵庫県 明石市
61%
兵庫県 上郡町
61%
奈良県 天理市
61%
岡山県 総社市
61%
高知県 高知市
61%
鹿児島県 鹿児島市
61%
山形県 南陽市
58%
千葉県 いすみ市
58%
東京都 板橋区
58%
東京都 中野区
58%
東京都 武蔵野市
58%
愛知県 弥富市
58%
京都府 木津川市
58%
京都府 城陽市
58%
京都府 長岡京市
58%
大阪府 貝塚市
58%
兵庫県 伊丹市
58%
兵庫県 加古川市
58%
兵庫県 三田市
58%
奈良県 王寺町
58%
和歌山県 御坊市
58%
和歌山県 橋本市
58%
広島県 廿日市市
58%
長崎県 佐世保市
58%
青森県 野辺地町
56%
岩手県 釜石市
56%
岩手県 久慈市
56%
埼玉県 越生町
56%
東京都 昭島市
56%
東京都 小金井市
56%
東京都 小平市
56%
東京都 町田市
56%
岐阜県 羽島市
56%
岐阜県 美濃加茂市
56%
静岡県 島田市
56%
滋賀県 東近江市
56%
大阪府 岸和田市
56%
奈良県 桜井市
56%
奈良県 大和郡山市
56%
長崎県 諫早市
56%
長崎県 長崎市
56%
鹿児島県 薩摩川内市
56%
青森県 五所川原市
53%
岩手県 岩手町
53%
茨城県 筑西市
53%
茨城県 龍ケ崎市
53%
東京都 東村山市
53%
岐阜県 可児市
53%
静岡県 湖西市
53%
愛知県 刈谷市
53%
愛知県 清須市
53%
滋賀県 甲賀市
53%
京都府 向日市
53%
大阪府 柏原市
53%
大阪府 八尾市
53%
兵庫県 高砂市
53%
兵庫県 豊岡市
53%
香川県 さぬき市
53%
愛媛県 伊予市
53%
福岡県 春日市
53%
福岡県 太宰府市
53%
佐賀県 伊万里市
53%
熊本県 八代市
53%
山形県 長井市
50%
群馬県 みどり市
50%
埼玉県 上尾市
50%
東京都 日野市
50%
愛知県 武豊町
50%
京都府 京田辺市
50%
奈良県 大和高田市
50%
高知県 四万十市
50%
高知県 南国市
50%
福岡県 大野城市
50%
埼玉県 行田市
47%
埼玉県 日高市
47%
東京都 稲城市
47%
長野県 中野市
47%
静岡県 磐田市
47%
京都府 大山崎町
47%
大阪府 泉南市
47%
大阪府 阪南市
47%
兵庫県 小野市
47%
兵庫県 川西市
47%
兵庫県 佐用町
47%
奈良県 香芝市
47%
奈良県 御所市
47%
和歌山県 紀の川市
47%
広島県 福山市
47%
福岡県 筑紫野市
47%
福岡県 行橋市
47%
秋田県 北秋田市
44%
埼玉県 新座市
44%
千葉県 酒々井町
44%
神奈川県 座間市
44%
愛知県 半田市
44%
三重県 朝日町
44%
京都府 亀岡市
44%
京都府 精華町
44%
大阪府 摂津市
44%
福岡県 田川市
44%
福岡県 直方市
44%
熊本県 水俣市
44%
鹿児島県 出水市
44%
福島県 伊達市
42%
埼玉県 深谷市
42%
愛知県 蟹江町
42%
大阪府 高石市
42%
大阪府 枚方市
42%
大阪府 島本町
42%
青森県 平川市
39%
岩手県 滝沢市
39%
千葉県 印西市
39%
長野県 千曲市
39%
愛知県 愛西市
39%
鳥取県 八頭町
39%
徳島県 海陽町
39%
高知県 いの町
39%
佐賀県 有田町
39%
埼玉県 入間市
36%
大阪府 交野市
36%
奈良県 葛城市
36%
佐賀県 基山町
36%
岐阜県 中津川市
33%
大阪府 田尻町
33%
兵庫県 播磨町
33%
福岡県 中間市
33%
熊本県 人吉市
33%
熊本県 南阿蘇村
33%
香川県 丸亀市
31%
香川県 まんのう町
31%
高知県 四万十町
31%
福岡県 新宮町
31%
青森県 田舎館村
28%
岐阜県 瑞穂市
28%
埼玉県 毛呂山町
25%
静岡県 函南町
25%
奈良県 三郷町
25%
愛媛県 松前町
25%
宮城県 柴田町
22%
岡山県 美作市
22%
福岡県 みやま市
22%
山形県 川西町
19%
福岡県 小竹町
8%
福岡県 香春町
6%
熊本県 芦北町
3%
No matching quizzes found
Score Distribution
Percent of People with Each Score
Percentile by Number Answered
Your Score History
You have not taken this quiz since the last reset